000 00580nam a2200193 4500
999 _c171691
_d171691
005 20200117142629.0
010 _aENG-127456
020 _a9789388292672
_c699.00
035 _aEN-110988
037 _bDBAD/PUB
082 _a305.8095457
100 _aKire,Easterine
245 _aWalking the Roadless Road /
_cby Easterine Kire
260 _aNew Delhi
_bAleph Book
_c2019
270 _a7/16 Ansari Road, Daryaganj
_bNew Delhi
300 _a316p.
_c23cm(hb)
500 _aincludes bibliographical references and index
942 _2ddc
_cEN
_h305.8095457
_mKIR